000 00465nam a2200145Ia 4500
008 221007s9999 xx 000 0 und d
041 _aeng
082 _bNEH
100 _aNeha Rajadnya - 2k161108; Prof.Archana Tatkar - Guide & Nityo Infotech Pvt Ltd.
_9105087
245 3 _aAn Analysis Of Motivational Factors Of Contractual Employees At Workplace
260 _c2016
_bSavitribai Phule Pune University
_aPune
300 _a56p
440 _v1
906 _bGeneral
999 _c79987
_d79987